[Event "EYCC Open-U16 2019"]
[Site "Bratislava"]
[Date "2019.08.07"]
[Round "6.19"]
[White "Suvorov, Alexander"]
[Black "Timoshin, Andrei"]
[Result "0-1"]
[WhiteElo "2333"]
[BlackElo "2154"]
[Annotator "NA"]
[PlyCount "112"]
[EventDate "2019.08.02"]
[EventType "swiss"]
[EventCountry "SVK"]
[SourceTitle "playchess.com"]
[Source "ChessBase"]
[SourceQuality "1"]
[TimeControl "40/5400+30:1800+30"]

1. d4 {[%emt 0:00:00]} d5 {[%emt 0:00:00]} 2. c4 {[%emt 0:00:00]} c6 {[%emt 0:00:00]} 3. Nf3 {[%emt 0:00:02]} Nf6 {[%emt 0:00:01]} 4. Nc3 {[%emt 0:00:20]} g6 {[%emt 0:00:57]} 5. Bf4 {[%emt 0:03:43]} Bg7 {[%emt 0:00:22]} 6. e3 {[%emt 0:00:21]} a6 {[%emt 0:02:02]} 7. h3 {[%emt 0:04:33]} O-O {[%emt 0:00:29]} 8. Be2 {[%emt 0:00:33]} b5 {[%emt 0:00:58]} 9. cxd5 {[%emt 0:05:59]} cxd5 {[%emt 0:00:02]} 10. Ne5 {[%emt 0:01:14]} Bb7 {[%emt 0:00:57]} 11. O-O {[%emt 0:04:46]} Nc6 {[%emt 0:20:01]} 12. Rc1 {[%emt 0:13:38]} Rc8 {[%emt 0:04:36]} 13. Nd3 {[%emt 0:02:42]} Re8 {[%emt 0:27:59]} 14. b4 {[%emt 0:08:10]} Ne4 {[%emt 0:07:07]} 15. Nxe4 {[%emt 0:04:27]} dxe4 {[%emt 0:00:03]} 16. Nc5 {[%emt 0:00:23]} Qb6 {[%emt 0:00:24]} 17. Qb3 {[%emt 0:06:51]} e5 {[%emt 0:03:00]} 18. dxe5 {[%emt 0:07:25]} Nxe5 {[%emt 0:01:43]} 19. a4 {[%emt 0:01:16]} Red8 {[%emt 0:10:13]} 20. axb5 {[%emt 0:07:15]} axb5 {[%emt 0:01:25]} 21. Rfd1 {[%emt 0:00:33]} h6 {[%emt 0:02:32]} 22. Kh1 {[%emt 0:01:26]} h5 {[%emt 0:13:23]} 23. Qb1 {[%emt 0:04:28]} Rxd1+ {[%emt 0:00:35]} 24. Rxd1 {[%emt 0:00:11]} Qc6 {[%emt 0:00:17]} 25. Qb3 {[%emt 0:10:26]} Nd3 {[%emt 0:02:01]} 26. Nxd3 {[%emt 0:01:19]} exd3 {[%emt 0:00:12]} 27. Bf3 {[%emt 0:00:03]} Qc2 {[%emt 0:01:03]} 28. Qxd3 {[%emt 0:00:24]} Bxf3 {[%emt 0:00:50]} 29. Qxc2 {[%emt 0:00:53]} Rxc2 {[%emt 0:00:46]} 30. gxf3 {[%emt 0:01:25]} Rb2 {[%emt 0:00:21]} 31. Rd8+ {[%emt 0:01:30]} Kh7 {[%emt 0:00:01]} 32. Bd6 {[%emt 0:02:28]} Rxf2 {[%emt 0:01:08]} 33. Bc5 {[%emt 0:01:25]} Rxf3 {[%emt 0:00:12]} 34. Kg2 {[%emt 0:00:04]} Rf5 {[%emt 0:00:17]} 35. Rb8 {[%emt 0:01:01]} Bc3 {[%emt 0:00:41]} 36. Rb7 {[%emt 0:01:07]} h4 {[%emt 0:00:33]} 37. Be7 {[%emt 0:01:26]} Be1 {[%emt 0:00:34]} 38. Rb8 {[%emt 0:00:55]} g5 {[%emt 0:00:24]} 39. Bc5 {[%emt 0:00:43]} Rf2+ {[%emt 0:00:48]} 40. Kg1 {[%emt 0:00:00]} Rf3 {[%emt 0:00:00]} 41. Kg2 {[%emt 0:08:19]} Rg3+ {[%emt 0:04:43]} 42. Kh2 {[%emt 0:01:05]} f5 {[%emt 0:15:18]} 43. Bd4 {[%emt 0:14:04]} Kh6 {[%emt 0:10:47]} 44. Rb6+ {[%emt 0:02:32]} Kh5 {[%emt 0:00:30]} 45. Rxb5 Rf3 {[%emt 0:00:24]} 46. Rb7 {[%emt 0:05:11]} f4 {[%emt 0:01:44]} 47. exf4 {[%emt 0:01:09]} gxf4 {[%emt 0:00:20]} 48. b5 {[%emt 0:02:28]} Rd3 {[%emt 0:00:39]} 49. Bg1 {[%emt 0:02:36]} Bg3+ {[%emt 0:00:28]} 50. Kh1 {[%emt 0:00:35]} Rd1 {[%emt 0:00:38]} 51. Rf7 {[%emt 0:01:01]} Bf2 {[%emt 0:00:29]} 52. Rg7 {[%emt 0:00:16]} f3 {[%emt 0:00:20]} 53. Rg4 {[%emt 0:01:16]} Bg3 {[%emt 0:00:15]} 54. Rd4 {[%emt 0:00:10]} Rb1 {[%emt 0:00:40]} 55. Rd5+ {[%emt 0:00:39]} Kg6 {[%emt 0:00:03]} 56. b6 {[%emt 0:00:37]} f2 {[%emt 0:00:12]} 0-1

[Event "EYCC Open-U16 2019"]
[Site "Bratislava"]
[Date "2019.08.07"]
[Round "6.20"]
[White "Kazmin, Semen"]
[Black "Fecker, Noah"]
[Result "1-0"]
[WhiteElo "2193"]
[BlackElo "2313"]
[Annotator "NA"]
[PlyCount "57"]
[EventDate "2019.08.02"]
[EventType "swiss"]
[EventCountry "SVK"]
[SourceTitle "playchess.com"]
[Source "ChessBase"]
[SourceQuality "1"]
[TimeControl "40/5400+30:1800+30"]

1. e4 {[%emt 0:00:00]} c5 {[%emt 0:00:00]} 2. Nf3 {[%emt 0:00:00]} e6 {[%emt 0:00:00]} 3. d4 {[%emt 0:00:00]} cxd4 {[%emt 0:00:00]} 4. Nxd4 {[%emt 0:00:00]} Nc6 {[%emt 0:00:00]} 5. Nc3 {[%emt 0:00:03]} Qc7 {[%emt 0:00:00]} 6. g4 {[%emt 0:00:07]} a6 {[%emt 0:04:44]} 7. h4 {[%emt 0:00:16]} b5 {[%emt 0:08:19]} 8. Nxc6 {[%emt 0:00:10]} dxc6 {[%emt 0:03:20]} 9. Qf3 {[%emt 0:00:54]} e5 {[%emt 0:05:15]} 10. Bg2 {[%emt 0:01:48]} Bc5 {[%emt 0:07:31]} 11. Be3 {[%emt 0:05:12]} Qb6 {[%emt 0:11:01]} 12. g5 {[%emt 0:05:03]} Be6 {[%emt 0:09:38]} 13. Qg3 {[%emt 0:04:14]} Bxe3 {[%emt 0:07:14]} 14. fxe3 {[%emt 0:00:07]} Ne7 {[%emt 0:00:37]} 15. O-O-O {[%emt 0:08:55]} h5 {[%emt 0:10:50]} 16. Bh3 {[%emt 0:09:48]} Bxh3 {[%emt 0:01:29]} 17. Rxh3 {[%emt 0:00:19]} Ng6 {[%emt 0:02:12]} 18. Qf3 {[%emt 0:04:43]} Rd8 {[%emt 0:01:17]} 19. Rf1 {[%emt 0:01:52]} Rd7 {[%emt 0:01:59]} 20. Ne2 {[%emt 0:00:40]} Qa5 {[%emt 0:02:32]} 21. Kb1 {[%emt 0:00:28]} O-O {[%emt 0:02:43]} 22. Qxh5 {[%emt 0:02:16]} Rfd8 {[%emt 0:01:23]} 23. Nc1 {[%emt 0:00:46]} Rd2 {[%emt 0:01:21]} 24. Qf3 {[%emt 0:09:34]} Qa4 {[%emt 0:02:05]} 25. b3 {[%emt 0:02:05]} Qb4 {[%emt 0:01:40]} 26. Qxf7+ {[%emt 0:00:19]} Kh7 {[%emt 0:02:34]} 27. h5 {[%emt 0:02:09]} Nh8 {[%emt 0:00:19]} 28. Qf5+ {[%emt 0:00:15]} Kg8 {[%emt 0:00:08]} 29. h6 {[%emt 0:00:08]} 1-0

[Event "EYCC Open-U16 2019"]
[Site "Bratislava"]
[Date "2019.08.07"]
[Round "6.21"]
[White "Alonso Garcia, Aaron"]
[Black "Iliaguev, Daniel"]
[Result "1-0"]
[WhiteElo "2248"]
[BlackElo "2053"]
[Annotator "NA"]
[PlyCount "53"]
[EventDate "2019.08.02"]
[EventType "swiss"]
[EventCountry "SVK"]
[SourceTitle "playchess.com"]
[Source "ChessBase"]
[SourceQuality "1"]
[TimeControl "40/5400+30:1800+30"]

1. e4 {[%emt 0:00:00]} c5 {[%emt 0:00:00]} 2. Nc3 {[%emt 0:00:32]} Nc6 {[%emt 0:00:00]} 3. g3 {[%emt 0:00:17]} g6 {[%emt 0:01:48]} 4. Bg2 {[%emt 0:00:08]} Rb8 {[%emt 0:01:22]} 5. d3 {[%emt 0:01:42]} Bg7 {[%emt 0:03:27]} 6. Be3 {[%emt 0:00:06]} d6 {[%emt 0:01:11]} 7. Qd2 {[%emt 0:00:06]} b5 {[%emt 0:01:15]} 8. Nge2 {[%emt 0:01:13]} b4 {[%emt 0:00:57]} 9. Nd1 {[%emt 0:00:20]} a5 {[%emt 0:02:29]} 10. O-O {[%emt 0:01:59]} e6 {[%emt 0:19:28]} 11. a3 {[%emt 0:09:15]} Nge7 {[%emt 0:05:12]} 12. Bh6 {[%emt 0:01:02]} O-O {[%emt 0:01:30]} 13. Bxg7 {[%emt 0:02:50]} Kxg7 {[%emt 0:00:45]} 14. Ne3 {[%emt 0:00:21]} e5 {[%emt 0:07:33]} 15. f4 {[%emt 0:01:58]} f5 {[%emt 0:06:04]} 16. exf5 {[%emt 0:08:36]} Bxf5 {[%emt 0:01:41]} 17. fxe5 {[%emt 0:06:45]} Nxe5 {[%emt 0:11:17]} 18. axb4 {[%emt 0:05:47]} axb4 {[%emt 0:00:39]} 19. Ra7 {[%emt 0:06:51]} Rf7 {[%emt 0:01:52]} 20. d4 {[%emt 0:01:16]} cxd4 {[%emt 0:04:42]} 21. Nxd4 {[%emt 0:01:03]} Qb6 {[%emt 0:00:05]} 22. Rfa1 {[%emt 0:01:40]} Bd7 {[%emt 0:03:59]} 23. R1a6 {[%emt 0:01:00]} Qd8 {[%emt 0:04:48]} 24. Rxd6 {[%emt 0:00:44]} Qc8 {[%emt 0:00:40]} 25. Rdxd7 {[%emt 0:01:32]} Nxd7 {[%emt 0:00:09]} 26. Ne6+ {[%emt 0:00:02]} Kf6 {[%emt 0:02:39]} 27. Rxd7 {[%emt 0:02:59]} 1-0

[Event "EYCC Open-U16 2019"]
[Site "Bratislava"]
[Date "2019.08.07"]
[Round "6.22"]
[White "Haring, Filip"]
[Black "Silich, Yahor"]
[Result "1-0"]
[WhiteElo "2334"]
[BlackElo "2100"]
[Annotator "NA"]
[PlyCount "92"]
[EventDate "2019.08.02"]
[EventType "swiss"]
[EventCountry "SVK"]
[SourceTitle "playchess.com"]
[Source "ChessBase"]
[SourceQuality "1"]
[TimeControl "40/5400+30:1800+30"]

1. e4 {[%emt 0:00:00]} c5 {[%emt 0:00:00]} 2. Nf3 {[%emt 0:00:00]} Nc6 {[%emt 0:00:12]} 3. Nc3 {[%emt 0:00:13]} g6 {[%emt 0:00:52]} 4. d4 {[%emt 0:00:13]} cxd4 {[%emt 0:00:40]} 5. Nxd4 {[%emt 0:00:11]} Bg7 {[%emt 0:00:31]} 6. Be3 {[%emt 0:00:18]} Nf6 {[%emt 0:00:31]} 7. Bc4 {[%emt 0:00:38]} O-O {[%emt 0:00:21]} 8. Bb3 {[%emt 0:00:37]} a5 {[%emt 0:00:42]} 9. O-O {[%emt 0:02:19]} a4 {[%emt 0:00:22]} 10. Nxa4 {[%emt 0:00:36]} Nxe4 {[%emt 0:00:40]} 11. Nb5 {[%emt 0:00:26]} d5 {[%emt 0:00:55]} 12. c3 {[%emt 0:07:19]} e6 {[%emt 0:01:33]} 13. f3 {[%emt 0:08:43]} Nd6 {[%emt 0:01:27]} 14. Bb6 {[%emt 0:16:59]} Qd7 {[%emt 0:03:53]} 15. Nc5 {[%emt 0:11:15]} Qe7 {[%emt 0:03:24]} 16. Nxd6 {[%emt 0:04:09]} Qxd6 {[%emt 0:00:21]} 17. Nd3 {[%emt 0:00:38]} Re8 {[%emt 0:03:57]} 18. Bc5 {[%emt 0:04:49]} Qc7 {[%emt 0:01:52]} 19. Bf2 {[%emt 0:02:34]} Bd7 {[%emt 0:15:32]} 20. f4 {[%emt 0:07:26]} Rad8 {[%emt 0:07:17]} 21. Qf3 {[%emt 0:04:10]} Bc8 {[%emt 0:05:13]} 22. Ba4 {[%emt 0:03:40]} Qa5 {[%emt 0:12:43]} 23. Bxc6 {[%emt 0:00:40]} bxc6 {[%emt 0:00:05]} 24. b4 {[%emt 0:08:07]} Qa3 {[%emt 0:02:38]} 25. Ne5 {[%emt 0:01:23]} Ba6 {[%emt 0:01:30]} 26. Rfb1 {[%emt 0:03:25]} Bb5 {[%emt 0:01:30]} 27. Rb3 {[%emt 0:01:26]} Qa4 {[%emt 0:00:11]} 28. Bd4 {[%emt 0:02:34]} f6 {[%emt 0:05:16]} 29. Ng4 {[%emt 0:00:04]} e5 {[%emt 0:07:22]} 30. fxe5 {[%emt 0:00:04]} fxe5 {[%emt 0:00:06]} 31. Bc5 {[%emt 0:00:24]} Rf8 {[%emt 0:09:12]} 32. Bxf8 {[%emt 0:04:56]} Rxf8 {[%emt 0:00:03]} 33. Qe3 {[%emt 0:00:39]} Bc4 {[%emt 0:10:02]} 34. Rb2 {[%emt 0:00:43]} d4 {[%emt 0:00:11]} 35. Qg3 {[%emt 0:04:12]} Qa3 {[%emt 0:02:46]} 36. Rf2 {[%emt 0:00:37]} Rxf2 {[%emt 0:01:58]} 37. Qxf2 {[%emt 0:00:03]} Qxc3 {[%emt 0:01:22]} 38. Re1 {[%emt 0:00:03]} d3 {[%emt 0:00:27]} 39. Qe3 {[%emt 0:01:27]} h5 {[%emt 0:00:47]} 40. Nf2 {[%emt 0:00:00]} Kh7 {[%emt 0:00:00]} 41. Rc1 {[%emt 0:06:11]} Qxb4 {[%emt 0:06:08]} 42. Qe4 {[%emt 0:04:25]} c5 {[%emt 0:01:36]} 43. Qxc4 {[%emt 0:07:09]} d2 {[%emt 0:00:08]} 44. Rc3 {[%emt 0:00:03]} e4 {[%emt 0:00:54]} 45. Qxb4 {[%emt 0:00:55]} cxb4 {[%emt 0:00:01]} 46. Re3 {[%emt 0:00:16]} Bf8 {[%emt 0:01:29]} 1-0

[Event "EYCC Open-U16 2019"]
[Site "Bratislava"]
[Date "2019.08.07"]
[Round "6.23"]
[White "Barak, David"]
[Black "Geher, Koppany"]
[Result "1/2-1/2"]
[WhiteElo "2015"]
[BlackElo "2211"]
[Annotator "NA"]
[PlyCount "79"]
[EventDate "2019.08.02"]
[EventType "swiss"]
[EventCountry "SVK"]
[SourceTitle "playchess.com"]
[Source "ChessBase"]
[SourceQuality "1"]
[TimeControl "40/5400+30:1800+30"]

1. d4 {[%emt 0:00:00]} Nf6 {[%emt 0:00:00]} 2. c4 {[%emt 0:00:00]} g6 {[%emt 0:00:00]} 3. Nc3 {[%emt 0:00:00]} d5 {[%emt 0:00:00]} 4. cxd5 {[%emt 0:00:00]} Nxd5 {[%emt 0:00:00]} 5. e4 {[%emt 0:00:00]} Nxc3 6. bxc3 {[%emt 0:00:00]} Bg7 {[%emt 0:00:19]} 7. Nf3 {[%emt 0:00:04]} c5 {[%emt 0:00:10]} 8. Rb1 {[%emt 0:00:17]} O-O {[%emt 0:03:43]} 9. Be2 {[%emt 0:00:36]} Bg4 {[%emt 0:09:04]} 10. O-O {[%emt 0:01:36]} cxd4 {[%emt 0:03:00]} 11. cxd4 {[%emt 0:00:23]} Bxf3 {[%emt 0:01:25]} 12. Bxf3 {[%emt 0:00:07]} Bxd4 {[%emt 0:02:15]} 13. Rxb7 {[%emt 0:02:13]} Nc6 {[%emt 0:01:30]} 14. Qa4 {[%emt 0:01:58]} Qc8 {[%emt 0:05:55]} 15. Rb3 {[%emt 0:19:39]} Qe6 {[%emt 0:27:08]} 16. e5 {[%emt 0:25:41]} Rac8 {[%emt 0:22:16]} 17. Bxc6 {[%emt 0:20:34]} Qxc6 {[%emt 0:00:02]} 18. Qxd4 {[%emt 0:00:30]} Qxc1 {[%emt 0:00:02]} 19. Qxa7 {[%emt 0:04:28]} Rfd8 {[%emt 0:02:29]} 20. Rb1 {[%emt 0:03:51]} Qg5 {[%emt 0:14:02]} 21. Rbe1 {[%emt 0:04:57]} Rd2 {[%emt 0:02:32]} 22. a4 {[%emt 0:01:28]} e6 {[%emt 0:04:14]} 23. a5 {[%emt 0:04:54]} Qd8 {[%emt 0:00:05]} 24. Ra1 {[%emt 0:04:38]} Ra8 {[%emt 0:00:09]} 25. Qb6 {[%emt 0:01:16]} Qd5 {[%emt 0:00:01]} 26. Qc7 {[%emt 0:02:31]} Ra2 {[%emt 0:00:59]} 27. Rxa2 {[%emt 0:01:02]} Qxa2 {[%emt 0:00:02]} 28. Rd1 {[%emt 0:00:36]} Qxa5 {[%emt 0:00:41]} 29. Qxa5 {[%emt 0:00:35]} Rxa5 {[%emt 0:00:01]} 30. f4 {[%emt 0:00:01]} g5 {[%emt 0:00:16]} 31. fxg5 {[%emt 0:00:58]} Rxe5 {[%emt 0:00:02]} 32. h4 {[%emt 0:00:01]} Re4 {[%emt 0:02:25]} 33. g3 {[%emt 0:00:45]} Re2 {[%emt 0:00:07]} 34. Rf1 {[%emt 0:00:41]} h6 {[%emt 0:01:28]} 35. gxh6 {[%emt 0:00:33]} f5 {[%emt 0:00:01]} 36. g4 {[%emt 0:00:30]} fxg4 {[%emt 0:00:56]} 37. Rf4 {[%emt 0:00:01]} Kh7 {[%emt 0:00:19]} 38. Rxg4 {[%emt 0:00:17]} Kxh6 {[%emt 0:00:01]} 39. Kf1 {[%emt 0:00:17]} Re5 {[%emt 0:00:50]} 40. Kf2 {[%emt 0:00:00]} 1/2-1/2

[Event "EYCC Open-U16 2019"]
[Site "Bratislava"]
[Date "2019.08.07"]
[Round "6.24"]
[White "Peyrer, Konstantin"]
[Black "Grutter, Tim"]
[Result "1-0"]
[WhiteElo "2305"]
[BlackElo "2091"]
[Annotator "NA"]
[PlyCount "111"]
[EventDate "2019.08.02"]
[EventType "swiss"]
[EventCountry "SVK"]
[SourceTitle "playchess.com"]
[Source "ChessBase"]
[SourceQuality "1"]
[TimeControl "40/5400+30:1800+30"]

1. d4 {[%emt 0:00:00]} Nf6 {[%emt 0:00:00]} 2. Nf3 {[%emt 0:00:00]} c5 {[%emt 0:00:00]} 3. c3 {[%emt 0:00:14]} g6 {[%emt 0:00:35]} 4. Bf4 {[%emt 0:00:11]} Bg7 {[%emt 0:00:48]} 5. e3 {[%emt 0:01:21]} O-O {[%emt 0:00:43]} 6. Nbd2 {[%emt 0:00:49]} b6 {[%emt 0:02:11]} 7. Be2 {[%emt 0:06:02]} d6 {[%emt 0:02:05]} 8. h3 {[%emt 0:03:34]} Nbd7 {[%emt 0:00:54]} 9. O-O {[%emt 0:00:45]} Bb7 {[%emt 0:00:55]} 10. Bh2 {[%emt 0:01:16]} Rc8 {[%emt 0:00:58]} 11. Re1 {[%emt 0:03:08]} Re8 {[%emt 0:04:03]} 12. Bf1 {[%emt 0:02:46]} Ne4 {[%emt 0:05:26]} 13. Nxe4 {[%emt 0:03:42]} Bxe4 {[%emt 0:00:07]} 14. Ba6 {[%emt 0:00:28]} Rb8 {[%emt 0:01:23]} 15. a4 {[%emt 0:02:44]} Bb7 {[%emt 0:09:13]} 16. Bxb7 {[%emt 0:05:30]} Rxb7 {[%emt 0:00:05]} 17. Qb3 {[%emt 0:00:17]} a6 {[%emt 0:20:46]} 18. e4 {[%emt 0:13:19]} b5 {[%emt 0:03:32]} 19. Qd5 {[%emt 0:05:30]} Qc8 {[%emt 0:04:41]} 20. a5 {[%emt 0:03:59]} Nf6 {[%emt 0:02:05]} 21. Qa2 {[%emt 0:00:38]} c4 {[%emt 0:07:33]} 22. Rac1 {[%emt 0:13:16]} Nd7 {[%emt 0:02:54]} 23. b4 {[%emt 0:03:36]} cxb3 {[%emt 0:02:33]} 24. Qxb3 {[%emt 0:00:26]} Bh6 {[%emt 0:00:43]} 25. Rc2 {[%emt 0:00:17]} Qc4 {[%emt 0:01:09]} 26. Qxc4 {[%emt 0:00:49]} bxc4 {[%emt 0:00:11]} 27. g4 {[%emt 0:00:16]} Rb5 {[%emt 0:00:48]} 28. Ra1 {[%emt 0:01:03]} f6 {[%emt 0:00:39]} 29. Ra4 {[%emt 0:01:03]} Rc8 {[%emt 0:00:56]} 30. h4 {[%emt 0:00:23]} d5 {[%emt 0:06:29]} 31. exd5 {[%emt 0:04:32]} Rxd5 {[%emt 0:00:10]} 32. Kg2 {[%emt 0:00:27]} e5 {[%emt 0:02:11]} 33. dxe5 {[%emt 0:00:38]} Nxe5 {[%emt 0:02:50]} 34. Bxe5 {[%emt 0:00:32]} fxe5 {[%emt 0:00:05]} 35. g5 {[%emt 0:00:06]} Bf8 {[%emt 0:01:01]} 36. Nd2 {[%emt 0:00:09]} Rdc5 {[%emt 0:01:39]} 37. Ne4 {[%emt 0:01:31]} Rb5 {[%emt 0:00:52]} 38. Rd2 {[%emt 0:03:18]} Be7 {[%emt 0:00:30]} 39. Rd7 {[%emt 0:01:08]} Kf8 {[%emt 0:00:11]} 40. Ra1 {[%emt 0:00:00]} Rbb8 {[%emt 0:00:00]} 41. Ra4 {[%emt 0:08:50]} Rc6 {[%emt 0:05:30]} 42. Ra7 {[%emt 0:01:04]} Rb5 {[%emt 0:05:57]} 43. Ra1 {[%emt 0:02:45]} Kf7 {[%emt 0:02:15]} 44. Rd1 {[%emt 0:01:08]} Ke6 {[%emt 0:02:06]} 45. Rdd7 {[%emt 0:01:47]} Bc5 {[%emt 0:01:18]} 46. Rab7 {[%emt 0:00:58]} Rxa5 {[%emt 0:02:05]} 47. Rxh7 {[%emt 0:00:09]} Rb5 {[%emt 0:03:59]} 48. Rbg7 {[%emt 0:02:29]} Kd5 {[%emt 0:03:05]} 49. Kf3 {[%emt 0:02:42]} Rb1 {[%emt 0:03:56]} 50. Rh8 {[%emt 0:00:34]} Bb6 {[%emt 0:10:17]} 51. Re8 {[%emt 0:00:42]} Rc7 {[%emt 0:04:14]} 52. Rxg6 {[%emt 0:00:48]} Rf7+ {[%emt 0:01:01]} 53. Rf6 {[%emt 0:01:13]} Rd7 {[%emt 0:00:07]} 54. Re7 {[%emt 0:02:20]} Rd8 {[%emt 0:00:32]} 55. Ree6 {[%emt 0:00:33]} Bc7 {[%emt 0:00:31]} 56. Rc6 1-0

[Event "EYCC Open-U16 2019"]
[Site "Bratislava"]
[Date "2019.08.07"]
[Round "6.25"]
[White "Sismeiro, Miguel"]
[Black "Ongut, Tamas Gunes"]
[Result "0-1"]
[WhiteElo "2103"]
[BlackElo "2158"]
[Annotator "NA"]
[PlyCount "108"]
[EventDate "2019.08.02"]
[EventType "swiss"]
[EventCountry "SVK"]
[SourceTitle "playchess.com"]
[Source "ChessBase"]
[SourceQuality "1"]
[TimeControl "40/5400+30:1800+30"]

1. e4 {[%emt 0:00:00]} e5 {[%emt 0:00:00]} 2. Nf3 {[%emt 0:00:02]} Nc6 {[%emt 0:00:00]} 3. Bb5 {[%emt 0:00:05]} a6 {[%emt 0:00:00]} 4. Ba4 {[%emt 0:00:03]} Nf6 {[%emt 0:02:05]} 5. d3 {[%emt 0:00:24]} Bc5 {[%emt 0:00:07]} 6. O-O {[%emt 0:00:54]} b5 {[%emt 0:04:46]} 7. Bb3 {[%emt 0:00:39]} d6 {[%emt 0:01:10]} 8. a3 {[%emt 0:03:33]} h6 {[%emt 0:08:52]} 9. Nc3 {[%emt 0:03:50]} Bg4 {[%emt 0:14:32]} 10. Be3 {[%emt 0:06:06]} Nd4 {[%emt 0:00:21]} 11. Bxd4 {[%emt 0:04:28]} exd4 {[%emt 0:06:23]} 12. Nd5 {[%emt 0:02:59]} c6 {[%emt 0:00:11]} 13. h3 {[%emt 0:21:43]} cxd5 {[%emt 0:12:13]} 14. hxg4 {[%emt 0:00:08]} dxe4 {[%emt 0:02:32]} 15. dxe4 {[%emt 0:01:49]} Nxg4 {[%emt 0:02:35]} 16. Bd5 {[%emt 0:05:53]} Ra7 {[%emt 0:02:14]} 17. b4 {[%emt 0:04:43]} Bb6 {[%emt 0:00:03]} 18. a4 {[%emt 0:00:20]} bxa4 {[%emt 0:01:03]} 19. Rxa4 {[%emt 0:02:26]} h5 {[%emt 0:22:28]} 20. Qa1 {[%emt 0:21:22]} h4 {[%emt 0:07:28]} 21. Rxa6 {[%emt 0:00:19]} Rxa6 {[%emt 0:00:07]} 22. Qxa6 {[%emt 0:00:04]} h3 {[%emt 0:00:06]} 23. gxh3 {[%emt 0:02:25]} Rxh3 {[%emt 0:00:08]} 24. Kg2 {[%emt 0:01:20]} Rh6 {[%emt 0:00:45]} 25. Rh1 {[%emt 0:04:22]} Rxh1 {[%emt 0:02:26]} 26. Kxh1 {[%emt 0:00:05]} Nxf2+ {[%emt 0:00:27]} 27. Kg2 {[%emt 0:00:29]} Ng4 {[%emt 0:01:04]} 28. Qb7 {[%emt 0:01:29]} Ne3+ {[%emt 0:01:04]} 29. Kg3 {[%emt 0:00:22]} Nxd5 {[%emt 0:00:32]} 30. Qxd5 {[%emt 0:00:05]} Kf8 {[%emt 0:01:35]} 31. e5 {[%emt 0:06:26]} dxe5 {[%emt 0:00:19]} 32. Qxd8+ {[%emt 0:01:52]} Bxd8 {[%emt 0:00:08]} 33. Kg4 {[%emt 0:00:04]} Ke7 {[%emt 0:04:57]} 34. Nxe5 {[%emt 0:01:00]} Ke6 {[%emt 0:00:01]} 35. Nf3 {[%emt 0:02:06]} Kd5 {[%emt 0:00:06]} 36. Kf4 {[%emt 0:00:25]} Bc7+ {[%emt 0:01:41]} 37. Kf5 {[%emt 0:00:08]} Bd8 {[%emt 0:01:10]} 38. Kf4 {[%emt 0:00:51]} g6 {[%emt 0:00:10]} 39. Ne1 {[%emt 0:02:53]} Bc7+ {[%emt 0:00:56]} 40. Kg5 {[%emt 0:00:00]} Bd8+ {[%emt 0:00:00]} 41. Kf4 {[%emt 0:01:19]} f6 {[%emt 0:16:20]} 42. Nd3 {[%emt 0:01:35]} Bc7+ {[%emt 0:01:39]} 43. Kf3 {[%emt 0:01:17]} Kc4 {[%emt 0:00:52]} 44. Ke2 {[%emt 0:03:19]} Bd6 {[%emt 0:00:23]} 45. Kf3 {[%emt 0:01:03]} Bxb4 {[%emt 0:00:37]} 46. Nf4 {[%emt 0:01:56]} g5 {[%emt 0:01:11]} 47. Nh5 {[%emt 0:00:10]} f5 {[%emt 0:00:16]} 48. Ng7 {[%emt 0:00:03]} g4+ {[%emt 0:00:26]} 49. Kg3 {[%emt 0:01:50]} Be1+ {[%emt 0:00:32]} 50. Kf4 {[%emt 0:00:14]} g3 {[%emt 0:01:04]} 51. Kf3 {[%emt 0:00:13]} f4 {[%emt 0:00:08]} 52. Ne6 {[%emt 0:03:43]} Bd2 {[%emt 0:00:07]} 53. Nc7 {[%emt 0:00:09]} Be3 {[%emt 0:00:08]} 54. Kg2 {[%emt 0:02:24]} Kc3 {[%emt 0:00:08]} 0-1

[Event "EYCC Open-U16 2019"]
[Site "Bratislava"]
[Date "2019.08.07"]
[Round "6.26"]
[White "Svanda, Ondrej"]
[Black "Lomandong, Marc-Antoine"]
[Result "1-0"]
[WhiteElo "2234"]
[BlackElo "2073"]
[Annotator "NA"]
[PlyCount "81"]
[EventDate "2019.08.02"]
[EventType "swiss"]
[EventCountry "SVK"]
[SourceTitle "playchess.com"]
[Source "ChessBase"]
[SourceQuality "1"]
[TimeControl "40/5400+30:1800+30"]

1. e4 {[%emt 0:00:00]} c6 {[%emt 0:00:00]} 2. d4 {[%emt 0:00:00]} d5 {[%emt 0:00:00]} 3. Nc3 {[%emt 0:00:00]} dxe4 {[%emt 0:00:00]} 4. Nxe4 {[%emt 0:00:00]} Nf6 {[%emt 0:00:00]} 5. Nxf6+ {[%emt 0:00:00]} exf6 {[%emt 0:00:00]} 6. c3 {[%emt 0:03:32]} Bd6 {[%emt 0:00:00]} 7. Bd3 {[%emt 0:02:52]} O-O {[%emt 0:00:00]} 8. Ne2 {[%emt 0:01:07]} Re8 {[%emt 0:00:00]} 9. O-O {[%emt 0:00:11]} Qc7 {[%emt 0:10:35]} 10. Ng3 {[%emt 0:00:16]} Nd7 {[%emt 0:02:02]} 11. Bd2 {[%emt 0:06:18]} Nf8 {[%emt 0:01:31]} 12. Qf3 {[%emt 0:09:38]} Bd7 {[%emt 0:12:44]} 13. Kh1 {[%emt 0:05:16]} Bxg3 {[%emt 0:04:00]} 14. Qxg3 {[%emt 0:03:28]} Qxg3 {[%emt 0:02:36]} 15. hxg3 {[%emt 0:00:06]} Bg4 {[%emt 0:05:19]} 16. Rfe1 {[%emt 0:04:41]} Bh5 {[%emt 0:21:00]} 17. Rxe8 {[%emt 0:02:04]} Rxe8 {[%emt 0:00:02]} 18. Re1 {[%emt 0:00:05]} Rxe1+ {[%emt 0:00:33]} 19. Bxe1 {[%emt 0:00:03]} Bg6 {[%emt 0:00:13]} 20. Bc4 {[%emt 0:02:14]} Be4 {[%emt 0:02:17]} 21. a4 {[%emt 0:12:47]} Ne6 {[%emt 0:08:31]} 22. Bb3 {[%emt 0:02:57]} Bd5 {[%emt 0:05:49]} 23. Bc2 {[%emt 0:01:42]} b5 {[%emt 0:03:15]} 24. axb5 {[%emt 0:09:49]} cxb5 {[%emt 0:00:00]} 25. f3 {[%emt 0:00:32]} b4 {[%emt 0:05:46]} 26. Bd3 {[%emt 0:05:21]} bxc3 {[%emt 0:12:10]} 27. bxc3 {[%emt 0:01:58]} Bb3 {[%emt 0:00:14]} 28. Bd2 {[%emt 0:04:02]} a5 {[%emt 0:02:38]} 29. Bc1 {[%emt 0:01:07]} a4 {[%emt 0:01:45]} 30. Ba3 {[%emt 0:00:45]} g6 {[%emt 0:00:40]} 31. Kg1 {[%emt 0:00:18]} f5 {[%emt 0:00:57]} 32. Kf2 {[%emt 0:01:09]} f4 {[%emt 0:00:06]} 33. Bf1 {[%emt 0:14:11]} fxg3+ {[%emt 0:01:06]} 34. Ke3 {[%emt 0:01:30]} f5 {[%emt 0:00:31]} 35. c4 {[%emt 0:00:10]} Kf7 {[%emt 0:00:33]} 36. d5 {[%emt 0:00:27]} Ng5 {[%emt 0:00:34]} 37. Kf4 {[%emt 0:02:06]} h6 {[%emt 0:00:01]} 38. Ke5 {[%emt 0:02:03]} h5 {[%emt 0:00:52]} 39. c5 {[%emt 0:02:10]} h4 {[%emt 0:00:29]} 40. c6 {[%emt 0:00:00]} h3 41. c7 {[%emt 0:00:28]} 1-0